Score 0/16 Timer 02:00
0 Plays Today
One and ... the other % Correct
_____ and PepperSalt
97.8%
_____ and the CitySex
97.5%
_____ and StonesSticks
93.7%
Stars and _____Stripes
90.4%
Sense and _____Sensibility
89.1%
Charlie Brown and _____Snoopy
86.6%
_____ and WessonSmith
86.1%
_____ and the BanditSmokey
83.8%
One and ... the other % Correct
Butch and _____Sundance
78%
Venus and _____Serena
74%
_____ and GarfunkelSimon
69.6%
_____ and StalactiteStalagmite
68%
Hammer and _____Sickle
56.8%
_____ and CroftsSeals
50.5%
_____ and RoySiegfried
44.8%
Tudor and _____Stuart
31.9%

Today's Daily Dose

Remove Ads.
Support Sporcle.
Get the best of Sporcle when you Go Orange. This ad-free experience offers more features, more stats, and more fun while also helping to support Sporcle. Thank you for becoming a member.

You're not logged in!

Compare scores with friends on all Sporcle quizzes.
OR
Log In

Show Comments

Extras

Top Quizzes Today


Score Distribution

Your Account Isn't Verified!

In order to create a playlist on Sporcle, you need to verify the email address you used during registration. Go to your Sporcle Settings to finish the process.

Report this User

Report this user for behavior that violates our Community Guidelines.

Details: